| 000 | 00618nam a22001697a 4500 | ||
|---|---|---|---|
| 999 |
_c8299 _d8300 |
||
| 008 | 190814b ||||| |||| 00| 0 eng d | ||
| 020 | _a9780520207851 | ||
| 082 | _a306 DAV | ||
| 245 |
_aChildbirth and authoritative knowledge : _b cross-cultural perspectives. |
||
| 260 |
_aBerkeley : _bUniversity of California Press, _c1997. |
||
| 300 |
_axii, 510 p. : _bill. ; _c24 cm. |
||
| 500 | _aIncludes bibliographical references and index. | ||
| 650 | _aBirth customs. Childbirth--Cross-cultural studies. Knowledge, Sociology of. | ||
| 700 | _a Davis-Floyd, Robbie. | ||
| 700 | _aSargent, Carolyn Fishel | ||
| 942 | _2ddc | ||